Animals of the Florida Everglades - Statistics

General Stats
  • This quiz has been taken 83 times
  • The average score is 13 of 16
Answer Stats
Picture Answer % Correct
American Alligator
98%
Bald Eagle
98%
American Crocodile
97%
Bottlenose Dolphin
97%
Raccoon
97%
Skunk
95%
Tree Snail
95%
Manatee
92%
Florida Panther
83%
Gopher Tortoise
80%
Opossum
78%
Wood Stork
74%
Great Blue Heron
72%
Roseate Spoonbill
69%
Great Egret
68%
Eastern Diamondback Rattlesnake
46%
No matching quizzes found
Score Distribution
Percent of People with Each Score
Percentile by Number Answered
Your Score History
You have not taken this quiz